| 000 -LEADER |
| fixed length control field |
00914nam a22002297a 4500 |
| 003 - CONTROL NUMBER IDENTIFIER |
| control field |
OSt |
| 005 - DATE AND TIME OF LATEST TRANSACTION |
| control field |
20260123085059.0 |
| 008 - FIXED-LENGTH DATA ELEMENTS--GENERAL INFORMATION |
| fixed length control field |
230607b ||||| |||| 00| 0 eng d |
| 040 ## - CATALOGING SOURCE |
| Transcribing agency |
SSBUL |
| 041 ## - LANGUAGE CODE |
| Language code of text/sound track or separate title |
Shan |
| 082 ## - DEWEY DECIMAL CLASSIFICATION NUMBER |
| Edition number |
23 |
| Classification number |
294.375 |
| 100 0# - MAIN ENTRY--PERSONAL NAME |
| Personal name |
တၢင်းၵႄး၊ |
| Titles and words associated with a name |
လုင်း။ |
| 245 10 - TITLE STATEMENT |
| Title |
ထမ်ႇမရသႃႇ တေးၵပျႃႇ ပပ်ႉမၢႆသွင် / |
| Statement of responsibility, etc. |
လုင်းတၢင်းၵႄး။ |
| 250 ## - EDITION STATEMENT |
| Edition statement |
ပွၵ်ႈၵမ်း 5 |
| 260 ## - PUBLICATION, DISTRIBUTION, ETC. |
| Place of publication, distribution, etc. |
တႃႈၵုင်ႈ၊ |
| Name of publisher, distributor, etc. |
တႆးလႅင်းပုင်ႇၼဵၵ်ႉတၢႆႉ၊ |
| Date of publication, distribution, etc. |
1962 ။ |
| 300 ## - PHYSICAL DESCRIPTION |
| Extent |
51 ၼႃႈ၊ |
| Other physical details |
ပႃးႁၢင်ႈ၊ |
| Dimensions |
18 ၸိၼ်ႇတီႇ။ |
| 500 ## - GENERAL NOTE |
| General note |
S-SAT: Dr. Prof Sai Aung Tun |
| 650 ## - SUBJECT ADDED ENTRY--TOPICAL TERM |
| Topical term or geographic name entry element |
ပုတ်ႉထၽႃႇသႃႇ - ၶေႃႈထၢမ်တွပ်ႇ |
| 942 ## - ADDED ENTRY ELEMENTS (KOHA) |
| Koha item type |
Books (Long term) |
| 100 0# - MAIN ENTRY--PERSONAL NAME |
| 9 (RLIN) |
17305 |
| 650 ## - SUBJECT ADDED ENTRY--TOPICAL TERM |
| 9 (RLIN) |
25402 |
|
| Source of classification or shelving scheme |
|
|
| Source of classification or shelving scheme |
|